000 00501nam a2200193 a 4500
001 1770212243843
003 YourLibrary
005 20260204191112.0
008 260204s2010##################000#0#eng##
020 _a9781861978578
082 0 4 _a305.896
_bKID
100 1 _aKidder, Tracy,
_eauthor.
245 1 0 _aStrength in what Remains :
260 _bRandom House,
_c2010.
300 _a277 pages
650 0 _aBurundian Americans.
942 _cENGLISH
040 _aYourLibrary
_beng
_cYourLibrary
999 _c610171
_d610171